[Event "Panama op 4th"]
[Site "Panama City"]
[Date "2023.11.10"]
[Round "8"]
[White "Paredes Porcell, Ana Sofia"]
[Black "Cebrian Kant, Justo Jose"]
[Result "1/2-1/2"]
[WhiteElo "1339"]
[BlackElo "1055"]
[PlyCount "83"]
[EventDate "2023.11.06"]
[EventType "swiss"]
[EventRounds "9"]
[EventCountry "PAN"]
[SourceTitle "CB46_2023"]
[SourceDate "2023.11.15"]
[SourceVersion "1"]
[SourceVersionDate "2023.11.15"]
[SourceQuality "1"]

1. d4 f5 2. c4 e6 3. Nc3 Bb4 4. Nf3 Nf6 5. Bf4 b6 6. e3 Bb7 7. Be2 0-0 8. 0-0 d6 9. Qc2 Bxc3 10. bxc3 Nbd7 11. Nd2 Qe8 12. Bf3 Bxf3 13. Nxf3 Ne4 14. h3 Qh5 15. Nd2 Ndf6 16. Nxe4 Nxe4 17. f3 Ng5 18. Bxg5 Qxg5 19. f4 Qh6 20. Rf3 Rf6 21. Rg3 Raf8 22. Rf1 Rg6 23. Rff3 Rxg3 24. Rxg3 g6 25. Qa4 Qg7 26. Qxa7 e5 27. fxe5 dxe5 28. Qb7 f4 29. exf4 exf4 30. Qd5+ Qf7 31. Qxf7+ Kxf7 32. Rd3 Re8 33. Kf2 Kf6 34. g3 fxg3+ 35. Kxg3 h5 36. Rf3+ Kg5 37. h4+ Kh6 38. Rf7 Re3+ 39. Rf3 Re2 40. Rf7 Re3+ 41. Rf3 Re2 42. Rf7 1/2-1/2